• 首页
  • 本馆介绍
  • 公告通知
  • 最新文献
  • 馆藏检索
  • 电子资源
  • 读者导购
  • 参考咨询
  • 我的图书馆
  • 登录
  • 详细信息显示
  • 放入我的书架
  • 预约/预借图书
  • 作者相关作品
  • 分类相关作品
  • 丛书相关作品
  • 出版社相关作品

书目信息

  • 表格格式
  • 工作单格式
  • 卡片格式
题名:
麻辣川湘菜
    
 
作者: ;饮食生活编委会 编
分册:  
出版信息: 长春   吉林科学技术出版社  2015
页数: 223页
开本: 21cm
丛书名:
单 册:
中图分类: TS972.182.71 , TS972.182.64
科图分类:
主题词: 川菜--菜谱 , 湘菜--菜谱
电子资源:
ISBN: 978-7-5384-9513-3
000 00918nam0 2200253 450
001 2356291220
005 20231216153858.99
010    @a978-7-5384-9513-3@dCNY 19.90
100    @a20151022d2015 em y0chiy0120 ea
101 0  @achi
102    @aCN@b220000
105    @aa z 000yy
200 1  @a麻辣川湘菜@Ama la chuan xiang cai@b专著@f饮食生活编委会编
210    @a长春@c吉林科学技术出版社@d2015
215    @a223页@c彩图@d21cm
300    @a妈妈的手 精华本
330    @a本书精选200余道川湘菜,将最不可错过的川湘经典美味尽收其中。烹饪大师精彩授艺,指导你用拌、炒、烧等地道的技法以及各种辛香调料做出最不同凡响的滋味。全书分为蔬菜豆制品、美味禽蛋、营养畜肉、可口水产四章。
606 0  @a川菜@x菜谱
606 0  @a湘菜@x菜谱
690    @aTS972.182.71@v5
690    @aTS972.182.64@v5
711 02 @a饮食生活编委会@Ayin shi sheng huo bian wei hui@4编
801  2 @aCN@b辽宁北配@c20231205
905    @aBZT@dTS972.182.71@e8
    
    麻辣川湘菜/饮食生活编委会编.-长春:吉林科学技术出版社,2015
    223页:彩图;21cm
    妈妈的手 精华本
    
    ISBN 978-7-5384-9513-3:CNY 19.90
    本书精选200余道川湘菜,将最不可错过的川湘经典美味尽收其中。烹饪大师精彩授艺,指导你用拌、炒、烧等地道的技法以及各种辛香调料做出最不同凡响的滋味。全书分为蔬菜豆制品、美味禽蛋、营养畜肉、可口水产四章。
●
相关链接 在五车中查询图书 在当当中查询图书 在豆瓣中查询图书


正题名:麻辣川湘菜     索取号:TS972.182.71/8         预约/预借

序号 登录号 条形码 馆藏地/架位号 状态 备注
1 2001640252   2001640252   辽三/辽宁北配(第三批)/2921/ [索取号:TS972.182.71/8] 在馆    
2 2001640253   2001640253   辽三/辽宁北配(第三批)/2921/ [索取号:TS972.182.71/8] 在馆    
3 2001640254   2001640254   辽三/辽宁北配(第三批)/2921/ [索取号:TS972.182.71/8] 在馆    
4 2001640255   2001640255   辽三/辽宁北配(第三批)/2921/ [索取号:TS972.182.71/8] 在馆    
5 2001640256   2001640256   辽三/辽宁北配(第三批)/2921/ [索取号:TS972.182.71/8] 在馆    
6 2001640257   2001640257   辽三/辽宁北配(第三批)/2921/ [索取号:TS972.182.71/8] 在馆    
7 2001640258   2001640258   辽三/辽宁北配(第三批)/2921/ [索取号:TS972.182.71/8] 在馆    
8 2001640259   2001640259   辽三/辽宁北配(第三批)/2921/ [索取号:TS972.182.71/8] 在馆    
9 2001640260   2001640260   辽三/辽宁北配(第三批)/2921/ [索取号:TS972.182.71/8] 在馆    
10 2001640261   2001640261   辽三/辽宁北配(第三批)/2921/ [索取号:TS972.182.71/8] 在馆    
11 2001640262   2001640262   辽三/辽宁北配(第三批)/2921/ [索取号:TS972.182.71/8] 在馆    
12 2001640263   2001640263   辽三/辽宁北配(第三批)/2921/ [索取号:TS972.182.71/8] 在馆    
13 2001640264   2001640264   辽三/辽宁北配(第三批)/2921/ [索取号:TS972.182.71/8] 在馆    
14 2001640265   2001640265   辽三/辽宁北配(第三批)/2921/ [索取号:TS972.182.71/8] 在馆    
15 2001640266   2001640266   辽三/辽宁北配(第三批)/2921/ [索取号:TS972.182.71/8] 在馆    
16 2001640267   2001640267   辽三/辽宁北配(第三批)/2921/ [索取号:TS972.182.71/8] 在馆    
17 2001640268   2001640268   辽三/辽宁北配(第三批)/2921/ [索取号:TS972.182.71/8] 在馆    
18 2001640269   2001640269   辽三/辽宁北配(第三批)/2921/ [索取号:TS972.182.71/8] 在馆    
19 2001640270   2001640270   辽三/辽宁北配(第三批)/2921/ [索取号:TS972.182.71/8] 在馆    
20 2001640271   2001640271   辽三/辽宁北配(第三批)/2921/ [索取号:TS972.182.71/8] 在馆    
21 2001640272   2001640272   辽三/辽宁北配(第三批)/2921/ [索取号:TS972.182.71/8] 在馆    
22 2001640273   2001640273   辽三/辽宁北配(第三批)/2921/ [索取号:TS972.182.71/8] 在馆    
23 2001640274   2001640274   辽三/辽宁北配(第三批)/2921/ [索取号:TS972.182.71/8] 在馆    
24 2001640275   2001640275   辽三/辽宁北配(第三批)/2921/ [索取号:TS972.182.71/8] 在馆    
25 2001640276   2001640276   辽三/辽宁北配(第三批)/2921/ [索取号:TS972.182.71/8] 在馆    
26 2001640277   2001640277   辽三/辽宁北配(第三批)/2921/ [索取号:TS972.182.71/8] 在馆    
27 2001640278   2001640278   辽三/辽宁北配(第三批)/2921/ [索取号:TS972.182.71/8] 在馆    
28 2001640279   2001640279   辽三/辽宁北配(第三批)/2921/ [索取号:TS972.182.71/8] 在馆    
29 2001640280   2001640280   辽三/辽宁北配(第三批)/2921/ [索取号:TS972.182.71/8] 在馆    
30 2001640281   2001640281   辽三/辽宁北配(第三批)/2921/ [索取号:TS972.182.71/8] 在馆    
山东省滨州职业学院图书馆 欢迎您!
大连网信软件有限公司© 版权所有